Tài liệu hướng dẫn ôn tập và thi tốt nghiệp môn tiếng Việt và phương pháp giảng dạy tiếng Việt

Bewaard in:
Bibliografische gegevens
Hoofdauteur: Hoàng, Tất Thắng
Andere auteurs: Lê, Thị Hoài Nam, Nguyễn, Quốc Dũng, Nguyễn, Thị Bạch Nhạn, Nguyễn, Thị Xuân Yến
Formaat: Boek
Gepubliceerd in: Hà Nội Đại học sư phạm
Onderwerpen:
Tags: Voeg label toe
Geen labels, Wees de eerste die dit record labelt!
Thư viện lưu trữ: Trung tâm Học liệu Lê Vũ Hùng, Trường Đại học Đồng Tháp
LEADER 01141pam a22003018a 4500
001 00039319
005 20171026081025.0
008 170518s ||||||Viesd
041 0 # |a Vie 
082 1 4 |a 495.922  |b T103L 
100 1 # |a Hoàng, Tất Thắng 
245 1 0 |a Tài liệu hướng dẫn ôn tập và thi tốt nghiệp môn tiếng Việt và phương pháp giảng dạy tiếng Việt  |c Hoàng Tất Thắng chủ biên...[và những người khác] 
260 # # |a Hà Nội  |b Đại học sư phạm 
300 # # |a 101 tr.  |c 24 cm 
653 # # |a Tốt nghiệp 
653 # # |a Tiếng việt 
653 # # |a Phương pháp 
653 # # |a giảng dạy 
700 1 # |a Lê, Thị Hoài Nam 
700 1 # |a Nguyễn, Quốc Dũng 
700 1 # |a Nguyễn, Thị Bạch Nhạn 
700 1 # |a Nguyễn, Thị Xuân Yến 
852 # # |b Kho mượn  |j KM.0021656 
852 # # |b Kho đọc  |j KD.0020608 
852 # # |j KD.0020608  |j KM.0021656 
910 |d 18/05/2017 
980 # # |a Trung tâm Học liệu Lê Vũ Hùng, Trường Đại học Đồng Tháp